62 nguyên tắc quản lý. Tập 2, Quản lý sản xuất - Quản lý hành chính - Quản lý nghiệp vụ /

সংরক্ষণ করুন:
গ্রন্থ-পঞ্জীর বিবরন
প্রধান লেখক: Tăng Văn Húc
বিন্যাস: গ্রন্থ
ভাষা:Vietnamese
প্রকাশিত: Lao động xã hội 2004
ট্যাগগুলো: ট্যাগ যুক্ত করুন
কোনো ট্যাগ নেই, প্রথমজন হিসাবে ট্যাগ করুন!
Thư viện lưu trữ: Mạng thư viện Đại học Đà Nẵng
LEADER 00754nam a2200265 4500
001 000028228
003 TĂ-HX04
005 20150403120000.0
008 150403s vm 000 vie
020 |c 0,0000 
040 |a notts 
100 |a Tăng Văn Húc 
245 |a 62 nguyên tắc quản lý. Tập 2, Quản lý sản xuất - Quản lý hành chính - Quản lý nghiệp vụ /  |c Tăng Văn Húc ; người dịch : Nguyễn Kim Phước. 
260 |b Lao động xã hội  |c 2004 
OWN |a LTT 
999 |a From the UDN01 
TYP |a Monograph 
TYP |a Printed language 
980 |a Mạng thư viện Đại học Đà Nẵng